Operation Dragon Comeback : Air Education and Training Command's response to Hurricane Katrina /

Bibliographic Details
Main Author: Ashcroft, Bruce A.
Corporate Authors: United States. Air Force. Air Education and Training Command. Office of History and Research, Air Force History and Museums Program (U.S.)
Other Authors: Mason, Joseph L.
Format: Government Document Book
Language:English
Published: Washington, D.C. : [Randolph Air Force Base, Tex.] : Air Force History and Museums Program, U.S. Air Force ; Air Education and Training Command, Office of History and Research ; 2006.
Subjects:

MARC

Tag First Indicator Second Indicator Subfields
LEADER 00000cam a2200000 a 4500
001 in00002205708
005 20151104085903.0
008 061102s2006 dcua b f000 0 eng c
020 |a 0160767792 :  |c $38.00 
020 |a 9780160767791 :  |c $38.00 
035 |a (OCoLC)ocm74822109 
037 |a 008-070-00804-1  |b GPO 
040 |a GPO  |c GPO  |d TXA  |d UtOrBLW 
042 |a pcc 
043 |a n-us--- 
049 |a TXAM 
074 |a 0422-M-01 
086 0 |a D 301.82/7:D 78 
090 |a HV636 2005  |b .A75 2006 
100 1 |a Ashcroft, Bruce A. 
245 1 0 |a Operation Dragon Comeback :  |b Air Education and Training Command's response to Hurricane Katrina /  |c Bruce A. Ashcroft, Joseph L. Mason. 
246 3 0 |a Air Education and Training Command's response to Hurricane Katrina 
264 1 |a Washington, D.C. :  |b Air Force History and Museums Program, U.S. Air Force ;  |a [Randolph Air Force Base, Tex.] :  |b Air Education and Training Command, Office of History and Research ;  |c 2006. 
264 2 |a [Washington, D.C.] :  |b [For sale by the Supt. of Docs., U.S. G.P.O.], 
300 |a x, 228 pages :  |b color illustrations ;  |c 28 cm. 
336 |a text  |b txt  |2 rdacontent 
337 |a unmediated  |b n  |2 rdamedia 
338 |a volume  |b nc  |2 rdacarrier 
500 |a Shipping list number: 2007-0035-P. 
500 |a Shipping List Date: 10/31/2006 
504 |a Includes bibliographical references. 
610 1 0 |a United States.  |b Air Force.  |b Air Education and Training Command  |x History. 
650 0 |a Disaster relief  |z United States. 
650 0 |a Hurricane Katrina, 2005. 
700 1 |a Mason, Joseph L. 
710 1 |a United States.  |b Air Force.  |b Air Education and Training Command.  |b Office of History and Research. 
710 2 |a Air Force History and Museums Program (U.S.) 
948 |a cataloged  |b h  |c 2006/11/27  |d c  |e jgreene  |f 12:19:43 pm 
994 |a C0  |b TXA 
999 |a MARS 
999 f f |s dad181bb-7863-3f5f-b553-61b624b33d30  |i 01eda160-e715-3a2f-bf76-445858283ba7  |t 0 
952 f f |p normal  |a Texas A&M University  |b College Station  |c Sterling C. Evans Library  |d Evans: US Documents (Annex 5th floor)  |t 0  |e D 301.82/7:D 78  |h Superintendent of Documents classification  |i unmediated -- volume  |m A14834965776 
998 f f |a D 301.82/7:D 78  |t 0  |l Evans: US Documents (Annex 5th floor)